Algebra

Saved in:
書目詳細資料
主要作者: Figueroa Rebolledo, Gladys (Author)
其他作者: Fierro Pradenas, Raúl Alejandro (autor)
格式: 圖書
語言:西班牙语
出版: Valparaíso Universidad Católica de Valparaíso 1998
主題:
在線閱讀:Disponible Online
標簽: 添加標簽
沒有標簽, 成為第一個標記此記錄!

MARC

LEADER 00000nam a2200000 a 4500
001 UCQ2997
003 CL-VaPUC
005 20240102134541.0
008 980817e19980000CL |||||||||||||||||spa|d
999 |c 273681  |d 273679 
040 |c Pontificia Universidad Católica de Valparaíso 
082 0 4 |a 512 FIG 1998  |2 21 
100 0 |a Figueroa Rebolledo, Gladys  |e author  |9 417045 
245 1 0 |a Algebra 
260 |a Valparaíso  |b Universidad Católica de Valparaíso  |c 1998 
300 |a 244 p 
583 |a last modification  |c 19980817 00:00:00  |k Rodrigo Vera 
650 0 |a Álgebra  |v Problemas, ejercicios, etc  |9 259567 
650 0 |a Álgebra  |v Notas de clases  |9 259567 
700 |a Fierro Pradenas, Raúl Alejandro  |e autor  |9 572684 
852 |a BIBCUR 
856 4 0 |u http://bibliografiaobligatoria.pucv.cl/index.php/bibliotecapucv/catalog/book/16  |y Disponible Online 
942 |c BK  |2 ddc 
945 |d 19980817 00:00:00  |a aarredon 
952 |0 0  |1 0  |4 0  |6 512_000000000000000_FIG_1998  |7 0  |8 A  |9 309480  |a BIBMAT  |b BIBMAT  |d 2019-11-20  |i 3450945  |o 512 FIG 1998  |p 3450945  |r 2025-01-07  |w 2019-11-20  |y BK  |k MAT 
952 |0 0  |1 0  |4 0  |6 512_000000000000000_FIG_1998  |7 0  |8 A  |9 309481  |a BIBING  |b BIBING  |d 2019-11-20  |i 3529894  |l 4  |o 512 FIG 1998  |p 3529894  |r 2025-04-11  |s 2023-08-09  |w 2019-11-20  |y BK  |k EII